[Event "XXVI Festival Conca della Presolana A"]
[Site "Bratto - Castione della Presolana ITA"]
[Date "2006.08.20"]
[Round "2"]
[White "Guido, Flavio"]
[Black "Bonazzi, Edoardo"]
[Result "1-0"]
[WhiteElo "2323"]
[BlackElo "2151"]
[PlyCount "109"]
[EventDate "2006.08.19"]

1. e4 c6 2. d4 d5 3. exd5 cxd5 4. c4 Nf6 5. Nc3 e6 6. Nf3 Be7 7. cxd5 Nxd5 8.
Bd3 Nc6 9. O-O O-O 10. Re1 Bf6 11. a3 Nce7 12. Bc2 b6 13. Ne4 Ba6 14. Ne5 Nf5
15. Nxf6+ Nxf6 16. Bxf5 exf5 17. Bg5 Bb7 18. Qa4 Qd5 19. f3 b5 20. Qb4 Rac8 21.
Rac1 Ng4 22. Rc5 Rxc5 23. Qxc5 Nxe5 24. Qxd5 Bxd5 25. Rxe5 Bc4 26. Rxf5 f6 27.
Be3 Rd8 28. Rc5 Rd7 29. a4 a6 30. Rc6 Bd5 31. Rxa6 bxa4 32. Rxa4 Rb7 33. Ra5
Bc4 34. Rc5 Ba2 35. Ra5 Bc4 36. Ra4 Bd5 37. b4 Bc6 38. Ra6 Bd5 39. Ra5 Bc6 40.
Rc5 Ba4 41. Bd2 Kf7 42. Kf2 Ke6 43. d5+ Ke5 44. Ke3 Bd7 45. Bc3+ Kd6 46. Kd4
Rb5 47. Kc4 Rb7 48. Be1 Ke7 49. b5 Be8 50. Bb4 Kd7 51. Rc6 Bg6 52. Kc5 Bd3 53.
b6 Bf1 54. Rd6+ Kc8 55. Kc6 1-0

[Event "XXVI Festival Conca della Presolana A"]
[Site "Bratto - Castione della Presolana ITA"]
[Date "2006.08.20"]
[Round "2"]
[White "Isonzo, David"]
[Black "Scotti, Umberto"]
[Result "1-0"]
[WhiteElo "2361"]
[BlackElo "2207"]
[PlyCount "99"]
[EventDate "2006.08.19"]

1. e4 e6 2. d3 d5 3. Nd2 Nf6 4. Ngf3 Nc6 5. c3 a5 6. Qa4 Be7 7. e5 Nd7 8. d4 f6
9. exf6 Bxf6 10. Bb5 Nb6 11. Qc2 Bd7 12. O-O Qe7 13. Re1 O-O 14. Bxc6 Bxc6 15.
Nb3 Nc4 16. Nc5 Nd6 17. Nxe6 Rfe8 18. Bf4 Qd7 19. Nc5 Qf7 20. Be5 Ne4 21. Bxf6
Qxf6 22. Nxe4 dxe4 23. Ne5 Re7 24. Re3 Rae8 25. Rae1 Kf8 26. Qb3 Rxe5 27. dxe5
Rxe5 28. Qd1 Rf5 29. R1e2 g6 30. Rd2 Kg7 31. h3 Qg5 32. c4 Rf8 33. Qc1 Kh6 34.
Qc3 Qf4 35. Qd4 Qf7 36. b3 Qf5 37. a3 Rf7 38. Qc3 b6 39. Re1 Rf8 40. Red1 Rf7
41. b4 axb4 42. axb4 Re7 43. Qe3+ Kg7 44. Rd8 Qf7 45. b5 Bb7 46. Rb8 c5 47.
bxc6 Bxc6 48. Rxb6 Ba4 49. Qd4+ Kh6 50. Re1 1-0

[Event "XXVI Festival Conca della Presolana A"]
[Site "Bratto - Castione della Presolana ITA"]
[Date "2006.08.20"]
[Round "2"]
[White "Komarov, Dimitri"]
[Black "Paolinelli, Giacomo"]
[Result "1-0"]
[WhiteElo "2530"]
[BlackElo "2023"]
[PlyCount "93"]
[EventDate "2006.08.19"]

1. d4 d5 2. Nf3 c6 3. c4 Nf6 4. Nc3 a6 5. c5 Nbd7 6. Bf4 Nh5 7. Bd2 Nhf6 8. Qc2
g6 9. e4 dxe4 10. Ng5 h6 11. Ngxe4 Bg7 12. Bc4 Nxe4 13. Nxe4 Nf8 14. O-O-O Be6
15. Rhe1 b5 16. cxb6 Qxb6 17. Nc5 Bf5 18. Qa4 Nd7 19. Bb4 Bf6 20. Nxd7 Bxd7 21.
Qa3 Qd8 22. Re2 e6 23. Kb1 Be7 24. Bc5 a5 25. Rd3 Rb8 26. Bxe7 Qxe7 27. Qxa5
O-O 28. Qc5 Qf6 29. Qe5 Qe7 30. Rh3 f6 31. Bxe6+ Kg7 32. Qe3 h5 33. Bxd7 Qxd7
34. Qe7+ Rf7 35. Qxd7 Rxd7 36. Rd3 c5 37. Red2 Rbd8 38. d5 Kf7 39. Kc2 Ra7 40.
a3 Ra4 41. Rc3 Ra5 42. d6 Ke6 43. Re3+ Kf7 44. Re7+ Kf8 45. Rc7 Ke8 46. Re2+
Kf8 47. Re6 1-0

[Event "XXVI Festival Conca della Presolana A"]
[Site "Bratto - Castione della Presolana ITA"]
[Date "2006.08.20"]
[Round "2"]
[White "Lampl, Gerald"]
[Black "Gazzarri, Alberto"]
[Result "0-1"]
[WhiteElo "1826"]
[BlackElo "2143"]
[PlyCount "76"]
[EventDate "2006.08.19"]

1. d4 Nf6 2. c4 g6 3. Nc3 Bg7 4. e4 d6 5. Nf3 O-O 6. Be2 e5 7. O-O Nc6 8. d5
Ne7 9. Ne1 Ne8 10. Be3 f5 11. f3 f4 12. Bf2 g5 13. Rc1 Rf7 14. c5 Bf8 15. cxd6
cxd6 16. Nb5 a6 17. Na3 Bd7 18. Nc4 Nc8 19. a4 Rg7 20. Nd3 h5 21. h3 g4 22.
fxg4 hxg4 23. hxg4 Qg5 24. Na5 Rb8 25. Bf3 Rh7 26. Re1 Be7 27. b3 Bd8 28. Nc4
Nf6 29. Nd2 Bxg4 30. Kf1 Bxf3 31. gxf3 Nh5 32. Ke2 Ng3+ 33. Bxg3 fxg3 34. Rh1
Bb6 35. Nc4 g2 36. Rxh7 g1=Q 37. Qxg1 Bxg1 38. Rh1 Qg2+ 0-1

[Event "XXVI Festival Conca della Presolana A"]
[Site "Bratto - Castione della Presolana ITA"]
[Date "2006.08.20"]
[Round "2"]
[White "Lava, Giovanni"]
[Black "Drazic, Sinisa"]
[Result "1/2-1/2"]
[WhiteElo "2232"]
[BlackElo "2514"]
[PlyCount "318"]
[EventDate "2006.08.19"]

1. d4 e6 2. g3 d5 3. Bg2 a6 4. Nf3 Nf6 5. O-O b5 6. c3 Nbd7 7. Bg5 Bd6 8. e4
dxe4 9. Nfd2 O-O 10. Nxe4 Rb8 11. Nxd6 cxd6 12. Nd2 Bb7 13. Bxb7 Rxb7 14. Ne4
h6 15. Qf3 d5 16. Bxf6 Nxf6 17. Nc5 Ra7 18. a4 b4 19. a5 bxc3 20. bxc3 Nd7 21.
Nxd7 Qxd7 22. Rfb1 Rb7 23. Qd3 Rfb8 24. Rb6 Rxb6 25. axb6 Qb5 26. Qxb5 axb5 27.
Ra6 Kf8 28. Kf1 Ke8 29. Ke2 Rb7 30. Kd3 Kd7 31. Kc2 Kc6 32. Kb3 Rxb6 33. Ra5 h5
34. Kb4 Rb7 35. h4 g6 36. f3 Kd6 37. Rxb5 Ra7 38. Ra5 Rb7+ 39. Rb5 Rc7 40. Ra5
Ke7 41. Rc5 Rb7+ 42. Rb5 Ra7 43. c4 dxc4 44. Kxc4 Ra1 45. Kd3 Rg1 46. Rg5 Kf6
47. Ke4 Kg7 48. Kf4 Rd1 49. Ke3 f5 50. g4 hxg4 51. h5 gxf3 52. Rxg6+ Kf7 53.
Rh6 Rxd4 54. Kxf3 Rg4 55. Rh7+ Kf6 56. h6 Rh4 57. Rh8 Kg6 58. Re8 Rh3+ 59. Kf4
Rh4+ 60. Kf3 Kf6 61. Rh8 Rh3+ 62. Kg2 Rh5 63. h7 Kf7 64. Kf3 e5 65. Kg3 Rh6 66.
Kf3 Rh2 67. Kg3 Rh5 68. Kf3 Kg7 69. Re8 e4+ 70. Kf4 Kxh7 71. Re6 Rh6 72. Re7+
Kg6 73. Re6+ Kg7 74. Re5 Rf6 75. Re7+ Kg6 76. Re5 Kf7 77. Ra5 Kg7 78. Ra7+ Kg6
79. Ra5 Rf7 80. Ra6+ Kg7 81. Ra5 Kf8 82. Re5 Rf6 83. Ra5 Ke8 84. Ra7 Rf7 85.
Ra5 Kd7 86. Ra6 Rf8 87. Rh6 Ke7 88. Ra6 Rf6 89. Ra7+ Ke8 90. Ra8+ Kd7 91. Ra7+
Kd8 92. Rh7 Ke8 93. Ra7 Kf8 94. Rb7 Kg8 95. Ra7 Rf7 96. Ra6 Kh7 97. Rb6 Kg7 98.
Ra6 Rf6 99. Ra7+ Kh6 100. Rb7 Rf8 101. Rb6+ Kh5 102. Ra6 Rf7 103. Rb6 e3 104.
Kxe3 Kg5 105. Rb4 Rh7 106. Kf3 Rh3+ 107. Kf2 Rd3 108. Ra4 Kg6 109. Ra5 Rb3 110.
Kg2 Rb4 111. Kf2 Kg5 112. Ra3 Rb2+ 113. Kf3 Rh2 114. Ra4 Rh1 115. Kg2 Rc1 116.
Kf2 Rc3 117. Kg2 Rd3 118. Kf2 Kf6 119. Ra6+ Ke5 120. Ra5+ Kf4 121. Ra4+ Kg5
122. Kg2 Re3 123. Kf2 Re5 124. Kf3 Rb5 125. Kf2 f4 126. Ra8 Re5 127. Rg8+ Kf5
128. Ra8 Re7 129. Ra5+ Kg4 130. Ra3 Rh7 131. Kg2 Rf7 132. Kf2 Rb7 133. Kf1 Rb2
134. Kg1 Rd2 135. Kf1 Kf5 136. Ke1 Rc2 137. Kf1 Rb2 138. Kg1 Ke4 139. Ra4+ Kf3
140. Ra3+ Ke2 141. Kg2 Rd2 142. Rb3 Ra2 143. Rf3 Ra4 144. Rf2+ Ke3 145. Rf3+
Ke4 146. Rb3 Ra2+ 147. Kf1 Rh2 148. Ra3 Rb2 149. Ra4+ Kf3 150. Ra3+ Kg4 151.
Kg1 Re2 152. Kf1 Re4 153. Kf2 Rc4 154. Kf1 Rc5 155. Kf2 Rb5 156. Kf1 f3 157.
Ra8 Re5 158. Kf2 Re2+ 159. Kf1 Re7 1/2-1/2

[Event "XXVI Festival Conca della Presolana A"]
[Site "Bratto - Castione della Presolana ITA"]
[Date "2006.08.20"]
[Round "2"]
[White "Lovati, Paolo"]
[Black "Gasperoni, Stefano"]
[Result "1-0"]
[WhiteElo "2069"]
[BlackElo "2009"]
[PlyCount "69"]
[EventDate "2006.08.19"]

1. c4 Nf6 2. g3 c5 3. Bg2 Nc6 4. Nc3 g6 5. e3 e6 6. Nge2 Bg7 7. O-O O-O 8. d4
cxd4 9. exd4 d6 10. a3 a6 11. h3 Qc7 12. Be3 Ne7 13. Qb3 Rb8 14. Rac1 Nf5 15.
Bg5 Nd7 16. d5 h6 17. dxe6 Nc5 18. exf7+ Qxf7 19. Qb6 hxg5 20. g4 Nh4 21. Qxd6
Nxg2 22. Qxb8 Nf4 23. Nxf4 Qxf4 24. Qxf4 Rxf4 25. Nd5 Rf8 26. b4 Nd3 27. Rcd1
Nf4 28. Ne7+ Kh7 29. Nxc8 Rxc8 30. Rd7 Rxc4 31. Re1 Rc1 32. Rxc1 Ne2+ 33. Kf1
Nxc1 34. Rxb7 Kg8 35. Ra7 1-0

[Event "XXVI Festival Conca della Presolana A"]
[Site "Bratto - Castione della Presolana ITA"]
[Date "2006.08.20"]
[Round "2"]
[White "Lucaroni, Massimiliano"]
[Black "Ambrosi, Eleonora"]
[Result "1-0"]
[WhiteElo "2293"]
[BlackElo "2147"]
[PlyCount "121"]
[EventDate "2006.08.19"]

1. e4 c5 2. Nf3 Nc6 3. d4 cxd4 4. Nxd4 Qc7 5. Nc3 e6 6. Be2 a6 7. O-O Nf6 8.
Kh1 Nxd4 9. Qxd4 Bc5 10. Qd3 h5 11. f4 Ng4 12. e5 d6 13. Qg3 b5 14. Bf3 Bb7 15.
f5 O-O-O 16. fxe6 fxe6 17. Bxb7+ Qxb7 18. Bg5 Rd7 19. Rae1 d5 20. Ne2 d4 21.
Nf4 Ne3 22. Rf2 Nf5 23. Qd3 Bb4 24. Rc1 Ne3 25. Nxe6 Qd5 26. Qxd4 Qxd4 27. Nxd4
Ng4 28. Re2 Rxd4 29. c3 Rc4 30. cxb4 Rxc1+ 31. Bxc1 Rf8 32. Kg1 Rd8 33. Re1 Rd5
34. Bf4 g5 35. Bxg5 Nxe5 36. Bf6 Nd3 37. Rd1 Nxb4 38. Rxd5 Nxd5 39. Bd4 Kd7 40.
Kf2 Ke6 41. Kf3 Kf5 42. g3 Nb4 43. a3 Nc6 44. Bc3 a5 45. b4 axb4 46. axb4 Ne7
47. h3 Nd5 48. g4+ hxg4+ 49. hxg4+ Ke6 50. Bd2 Ke5 51. Be1 Ne7 52. Bc3+ Kd5 53.
Kf4 Kc4 54. Be1 Nd5+ 55. Ke5 Nxb4 56. Bxb4 Kxb4 57. g5 Ka3 58. g6 b4 59. g7 b3
60. g8=Q b2 61. Qg3+ 1-0

[Event "XXVI Festival Conca della Presolana A"]
[Site "Bratto - Castione della Presolana ITA"]
[Date "2006.08.20"]
[Round "2"]
[White "Maccagno, Giancarlo"]
[Black "Buratti, Marco"]
[Result "0-1"]
[WhiteElo "2093"]
[BlackElo "2018"]
[PlyCount "50"]
[EventDate "2006.08.19"]

1. e4 e5 2. Bc4 Nc6 3. Nc3 Nf6 4. d3 d6 5. Nge2 Na5 6. Bb3 c6 7. Bxf7+ Kxf7 8.
b4 b5 9. bxa5 b4 10. Nb1 Be7 11. O-O Qxa5 12. a3 d5 13. exd5 cxd5 14. Bb2 Qc7
15. axb4 Bxb4 16. Ra4 Bd6 17. Ba3 Qc6 18. Nbc3 Bxa3 19. Rxa3 Re8 20. Qa1 d4 21.
Rxa7+ Bb7 22. Ne4 Nxe4 23. dxe4 Rxa7 24. Qxa7 Ra8 25. Nxd4 Qxe4 0-1

[Event "XXVI Festival Conca della Presolana A"]
[Site "Bratto - Castione della Presolana ITA"]
[Date "2006.08.20"]
[Round "2"]
[White "Mantovani, Renzo"]
[Black "Voltolini, Giuseppe"]
[Result "0-1"]
[WhiteElo "2370"]
[BlackElo "2216"]
[PlyCount "126"]
[EventDate "2006.08.19"]

1. d4 Nf6 2. Nf3 e6 3. Bg5 d5 4. e3 Be7 5. Nbd2 b6 6. Bb5+ c6 7. Bd3 c5 8. c3
Bb7 9. Qb1 Nbd7 10. O-O h6 11. Bf4 O-O 12. h3 Nh5 13. Bh2 f5 14. g4 fxg4 15.
hxg4 Nhf6 16. g5 Ne4 17. gxh6 gxh6 18. Bxe4 dxe4 19. Ne5 Nxe5 20. Bxe5 Qd5 21.
f3 Bg5 22. Nxe4 Bxe3+ 23. Kh1 Rxf3 24. Rxf3 Qxe4 25. Qxe4 Bxe4 26. Raf1 Rf8 27.
Kg2 cxd4 28. cxd4 Kh7 29. Kg3 Rxf3+ 30. Rxf3 Bxf3 31. Kxf3 Bc1 32. b3 Kg6 33.
Ke4 Kf7 34. a4 a6 35. d5 Ke7 36. Bc7 b5 37. axb5 axb5 38. Bg3 Ba3 39. Bh4+ Kd7
40. Kd4 h5 41. Be1 Be7 42. Bg3 h4 43. dxe6+ Kc6 44. Be5 h3 45. Ke4 Bd6 46. e7
Bxe7 47. Kf3 Bd6 48. Bb2 Kd5 49. Bc3 h2 50. Kg2 Ke4 51. Be1 Kd3 52. Kh1 Kc2 53.
b4 Kb3 54. Kg2 Kc4 55. Bd2 Bxb4 56. Bf4 Bc5 57. Bd2 Bd4 58. Kxh2 Bc3 59. Bf4 b4
60. Bd6 b3 61. Ba3 Kd3 62. Kg2 Kc2 63. Kf3 Bb4 0-1

[Event "XXVI Festival Conca della Presolana A"]
[Site "Bratto - Castione della Presolana ITA"]
[Date "2006.08.20"]
[Round "2"]
[White "Marchiori, Diego"]
[Black "Campomori, Bruno"]
[Result "0-1"]
[WhiteElo "2110"]
[BlackElo "2025"]
[PlyCount "84"]
[EventDate "2006.08.19"]

1. e4 c5 2. Nf3 Nc6 3. c4 g6 4. d4 cxd4 5. Nxd4 Bg7 6. Be3 Nf6 7. Nc3 d6 8. Be2
O-O 9. O-O Bd7 10. Qd2 Nxd4 11. Bxd4 Bc6 12. f3 Qa5 13. Rfd1 Rfd8 14. a3 b6 15.
b4 Qh5 16. Be3 Nd7 17. Rac1 Rac8 18. Bg5 Bd4+ 19. Kh1 Ne5 20. f4 Bxc3 21. Rxc3
Ng4 22. h3 Nf2+ 23. Kh2 Nxe4 24. Qe3 Qxe2 25. Qxe2 Nxc3 26. Qxe7 Re8 27. Qf6
Re2 28. Rg1 Ne4 29. Qd4 Re8 30. Bh6 f6 31. Qa1 Kf7 32. Re1 Nd2 33. Rxe2 Rxe2
34. h4 Rxg2+ 35. Kh3 Rf2 36. h5 Bd7+ 37. Kh4 Rf3 38. Qh1 Rh3+ 39. Qxh3 Bxh3 40.
Kxh3 Nxc4 41. a4 Na3 42. f5 g5 0-1

[Event "XXVI Festival Conca della Presolana A"]
[Site "Bratto - Castione della Presolana ITA"]
[Date "2006.08.20"]
[Round "2"]
[White "Mazzilli, Piero"]
[Black "Temi, Walter"]
[Result "1-0"]
[WhiteElo "2310"]
[BlackElo "2105"]
[PlyCount "58"]
[EventDate "2006.08.19"]

1. e4 e6 2. d4 d5 3. Nc3 Nf6 4. e5 Nfd7 5. Nf3 c5 6. dxc5 Nc6 7. Bf4 Be7 8. Bd3
Nxc5 9. Qe2 a6 10. h4 Qc7 11. Bg3 Qa5 12. O-O Bd7 13. a3 Nxd3 14. Qxd3 Qd8 15.
b4 Na7 16. Rfc1 O-O 17. h5 Bg5 18. Nxg5 Qxg5 19. Qf3 h6 20. Bf4 Qf5 21. Ne2
Rac8 22. Nd4 Qh7 23. c3 Nc6 24. Nb3 f6 25. Qe3 fxe5 26. Bxe5 Nxe5 27. Qxe5 Rf6
28. Nc5 Bc6 29. Re1 Re8 1-0

[Event "XXVI Festival Conca della Presolana A"]
[Site "Bratto - Castione della Presolana ITA"]
[Date "2006.08.20"]
[Round "2"]
[White "Meng, Jean-Philippe"]
[Black "Forato, Enrico"]
[Result "0-1"]
[WhiteElo "2058"]
[BlackElo "1949"]
[PlyCount "88"]
[EventDate "2006.08.19"]

1. e4 c5 2. f4 Nc6 3. Nf3 g6 4. Bc4 Bg7 5. c3 Rb8 6. Qe2 a6 7. a4 d6 8. Na3 Bd7
9. e5 e6 10. exd6 Na5 11. f5 gxf5 12. d4 cxd4 13. Nxd4 Bxd4 14. cxd4 Qh4+ 15.
g3 Qxd4 16. Bf4 Nxc4 17. Nxc4 Rc8 18. Ne5 Nf6 19. Rd1 Qb4+ 20. Kf2 Qxa4 21. Rc1
Qd4+ 22. Kg2 Qd5+ 23. Kh3 O-O 24. Rhd1 Qb5 25. Qg2 Ng4 26. Nf3 e5 27. Nxe5 Nxe5
28. Rd5 Bc6 29. Rxc6 Qxc6 30. Bxe5 Qc4 31. Rd4 Qe6 32. Bf4 Qg6 33. Qd2 Rfd8 34.
Bg5 Rd7 35. Kg2 Rc6 36. Be7 f4 37. Rd3 Qe4+ 38. Kf2 Qh1 39. Qxf4 Rc2+ 40. Rd2
Rxd2+ 41. Qxd2 Qxh2+ 42. Ke1 Qxd2+ 43. Kxd2 f6 44. Ke3 Rxe7+ 0-1

[Event "XXVI Festival Conca della Presolana A"]
[Site "Bratto - Castione della Presolana ITA"]
[Date "2006.08.20"]
[Round "2"]
[White "Mogranzini, Roberto"]
[Black "Rombaldoni, Axel"]
[Result "1/2-1/2"]
[WhiteElo "2352"]
[BlackElo "2169"]
[PlyCount "72"]
[EventDate "2006.08.19"]

1. e4 c5 2. Nf3 d6 3. Nc3 Nf6 4. e5 dxe5 5. Nxe5 a6 6. a4 Nbd7 7. Nc4 Nb6 8. b3
Bg4 9. f3 Bf5 10. g4 Bg6 11. Bb2 Nxc4 12. Bxc4 e6 13. Qe2 Qc7 14. O-O-O O-O-O
15. h4 h5 16. g5 Nd5 17. Rhe1 Nf4 18. Qf2 Bd6 19. Ne4 Bxe4 20. Rxe4 e5 21. Kb1
Rhe8 22. Rde1 Re7 23. Qf1 Kb8 24. Bc3 f5 25. R4e3 Ng6 26. Qh3 Qd7 27. Rh1 e4
28. fxe4 Rxe4 29. Rxe4 fxe4 30. Qe3 Re8 31. Qe2 Nf4 32. Qe1 g6 33. Rf1 Qg4 34.
Rg1 Qh3 35. Rh1 Qg4 36. Rg1 Qh3 1/2-1/2

[Event "XXVI Festival Conca della Presolana A"]
[Site "Bratto - Castione della Presolana ITA"]
[Date "2006.08.20"]
[Round "2"]
[White "Napoli, Nicolo'"]
[Black "Shytaj, Luca"]
[Result "0-1"]
[WhiteElo "2216"]
[BlackElo "2433"]
[PlyCount "82"]
[EventDate "2006.08.19"]

1. e4 c5 2. c3 d6 3. d4 Nf6 4. f3 Nbd7 5. Be3 b6 6. Bd3 Bb7 7. Ne2 g6 8. a4 a6
9. Na3 Bg7 10. Qd2 O-O 11. Bh6 cxd4 12. cxd4 e5 13. h4 d5 14. h5 Qe7 15. O-O-O
Rfc8+ 16. Kb1 dxe4 17. Bc4 Bxh6 18. Qxh6 Kh8 19. hxg6 fxg6 20. Rh3 exf3 21.
gxf3 Qf8 22. Qg5 Nh5 23. Rg1 Qf6 24. Qxf6+ Nhxf6 25. Rxg6 Bxf3 26. Rxf6 Be4+
27. Ka2 Nxf6 28. dxe5 Bd5 29. b3 Bxc4 30. Nxc4 Nd5 31. Nd4 Ra7 32. Rh6 b5 33.
Nd6 Rf8 34. N4f5 bxa4 35. bxa4 Nc3+ 36. Kb3 Ne4 37. e6 Nxd6 38. Nxd6 Re7 39.
Kc4 Kg7 40. Rh4 Rxe6 41. Kc5 Re5+ 0-1

[Event "XXVI Festival Conca della Presolana A"]
[Site "Bratto - Castione della Presolana ITA"]
[Date "2006.08.20"]
[Round "2"]
[White "Nardi, Marco"]
[Black "Nardelli, Marco"]
[Result "1/2-1/2"]
[WhiteElo "2045"]
[BlackElo "2123"]
[PlyCount "63"]
[EventDate "2006.08.19"]

1. e4 c6 2. d4 d5 3. Nc3 dxe4 4. Nxe4 Nd7 5. Nf3 Ngf6 6. Ng3 e6 7. Bd3 c5 8.
O-O Be7 9. Re1 O-O 10. c3 Qc7 11. Bg5 Re8 12. Ne5 b6 13. Bxf6 Nxf6 14. Nh5 Bb7
15. Re3 g6 16. Rg3 Nxh5 17. Qxh5 Bf6 18. Re1 Rad8 19. Qg4 cxd4 20. cxd4 Bg7 21.
h4 Re7 22. h5 Qd6 23. hxg6 fxg6 24. Bxg6 hxg6 25. Nxg6 Rf7 26. Rxe6 Qxd4 27.
Ne7+ Kf8 28. Ng6+ Kg8 29. Qxd4 Bxd4 30. Ne7+ Kh7 31. Rh3+ Kg7 32. Rg3+ 1/2-1/2

[Event "XXVI Festival Conca della Presolana A"]
[Site "Bratto - Castione della Presolana ITA"]
[Date "2006.08.20"]
[Round "2"]
[White "Novelli, Cristiano"]
[Black "Cecchetto, Vanni"]
[Result "1/2-1/2"]
[WhiteElo "2145"]
[BlackElo "2006"]
[PlyCount "95"]
[EventDate "2006.08.19"]

1. e4 c5 2. Nc3 d6 3. g3 Nc6 4. Bg2 g6 5. d3 Bg7 6. Be3 e5 7. Qd2 Nge7 8. Bh6
O-O 9. h4 Bxh6 10. Qxh6 f6 11. Qd2 Nd4 12. h5 g5 13. O-O-O h6 14. f4 Bg4 15.
Rf1 b5 16. Nd5 Nxd5 17. exd5 b4 18. Bh3 Bxh3 19. Nxh3 a5 20. fxg5 fxg5 21. Qg2
g4 22. Qe4 Qe7 23. Qxg4+ Qg7 24. Qxg7+ Kxg7 25. Kd1 a4 26. c3 bxc3 27. bxc3 Nb5
28. Kc2 Rab8 29. Rxf8 Na3+ 30. Kd2 Kxf8 31. g4 Rb2+ 32. Ke3 Rxa2 33. g5 Kg7 34.
gxh6+ Kxh6 35. Nf2 Nc2+ 36. Ke4 Ra1 37. Ng4+ Kg5 38. Rxa1 Nxa1 39. h6 Kg6 40.
Nxe5+ Kxh6 41. Nf7+ Kg6 42. Nxd6 a3 43. Nc4 a2 44. Na3 Nb3 45. Nc2 Kf6 46. d6
Ke6 47. d7 Kxd7 48. Kd5 1/2-1/2

[Event "XXVI Festival Conca della Presolana A"]
[Site "Bratto - Castione della Presolana ITA"]
[Date "2006.08.20"]
[Round "2"]
[White "Orsi, Massimiliano"]
[Black "Miatello, Alberto"]
[Result "1/2-1/2"]
[WhiteElo "2025"]
[BlackElo "2082"]
[PlyCount "72"]
[EventDate "2006.08.19"]

1. e4 c5 2. Nf3 e6 3. d4 cxd4 4. Nxd4 Nc6 5. Nb5 a6 6. Nd6+ Bxd6 7. Qxd6 Qe7 8.
Qc7 d5 9. Qxe7+ Ngxe7 10. Bd3 Nb4 11. Be3 Nxd3+ 12. cxd3 b5 13. Nd2 e5 14. Bc5
Be6 15. O-O Rc8 16. b4 Kd7 17. a4 Nc6 18. axb5 axb5 19. Ra6 d4 20. Rfa1 h5 21.
h3 g5 22. Nf3 f6 23. Nd2 Rhg8 24. Kh2 g4 25. h4 Rb8 26. R1a3 Rgc8 27. Nf1 f5
28. Nd2 f4 29. Ra1 Bf7 30. Kg1 Rg8 31. Kf1 Rg6 32. Ra7+ Nxa7 33. Rxa7+ Ke6 34.
Ra6+ Kd7 35. Ra7+ Ke6 36. Ra6+ Kd7 1/2-1/2

[Event "XXVI Festival Conca della Presolana A"]
[Site "Bratto - Castione della Presolana ITA"]
[Date "2006.08.20"]
[Round "2"]
[White "Pantaleoni, Claudio"]
[Black "Pegoraro, Nicola"]
[Result "1-0"]
[WhiteElo "2222"]
[BlackElo "2047"]
[PlyCount "81"]
[EventDate "2006.08.19"]

1. Nf3 f5 2. d4 Nf6 3. g3 g6 4. Bg2 Bg7 5. O-O O-O 6. b4 Ne4 7. Bb2 d6 8. Nbd2
Nxd2 9. Qxd2 c5 10. bxc5 dxc5 11. e3 Nc6 12. c4 Rb8 13. d5 Bxb2 14. Qxb2 Na5
15. Rac1 b6 16. Rfd1 Qd6 17. Ne5 Ba6 18. a4 Rbd8 19. f4 Qf6 20. h4 Rd6 21. Bf3
Rfd8 22. Qh2 Bb7 23. g4 e6 24. gxf5 exd5 25. fxg6 dxc4 26. Rxd6 Rxd6 27. Bxb7
Nxb7 28. Qg2 Nd8 29. gxh7+ Kxh7 30. Qe4+ Kh8 31. h5 c3 32. Qg6 Qg7 33. Qxg7+
Kxg7 34. Rxc3 Kh6 35. e4 Rd4 36. Rg3 Rxa4 37. Rg5 Kh7 38. Ng4 Ra1+ 39. Kg2 Ra2+
40. Kg3 Ra3+ 41. Kh4 1-0

[Event "XXVI Festival Conca della Presolana A"]
[Site "Bratto - Castione della Presolana ITA"]
[Date "2006.08.20"]
[Round "2"]
[White "Pesce, Gabriele"]
[Black "Bianco, Raffaele"]
[Result "0-1"]
[WhiteElo "2006"]
[BlackElo "2069"]
[PlyCount "44"]
[EventDate "2006.08.19"]

1. e4 e5 2. Nf3 Nc6 3. d4 exd4 4. Nxd4 Qf6 5. Nxc6 dxc6 6. Bd3 Bc5 7. O-O Ne7
8. Qh5 Bb6 9. Kh1 Qg6 10. Qe5 Bd7 11. Na3 f6 12. Qc3 a6 13. Nc4 Ba7 14. Bf4
O-O-O 15. Qa5 Bb8 16. Ne3 h5 17. Qxa6 Qxe4 18. Qxb7+ Kxb7 19. Bxe4 g5 20. Bxg5
fxg5 21. a4 Ba7 22. Nc4 Be6 0-1

[Event "XXVI Festival Conca della Presolana A"]
[Site "Bratto - Castione della Presolana ITA"]
[Date "2006.08.20"]
[Round "2"]
[White "Piantoni, Roberto"]
[Black "Lanzani, Mario"]
[Result "1/2-1/2"]
[WhiteElo "2160"]
[BlackElo "2331"]
[PlyCount "45"]
[EventDate "2006.08.19"]

1. d4 d5 2. Nf3 c5 3. c4 e6 4. cxd5 exd5 5. Nc3 Nc6 6. g3 Nf6 7. Bg2 Be7 8. O-O
O-O 9. Bg5 cxd4 10. Nxd4 Qb6 11. Be3 Qxb2 12. Ndb5 Bf5 13. a3 d4 14. Nxd4 Rfd8
15. Na4 Qxd4 16. Bxd4 Nxd4 17. Ra2 Nc2 18. Qc1 Rac8 19. e4 Nb4 20. axb4 Rxc1
21. Rxc1 Be6 22. Rb2 a5 23. Nc5 1/2-1/2

[Event "XXVI Festival Conca della Presolana A"]
[Site "Bratto - Castione della Presolana ITA"]
[Date "2006.08.20"]
[Round "2"]
[White "Piscopo, Pierluigi"]
[Black "Schuurman, Petra"]
[Result "1/2-1/2"]
[WhiteElo "2393"]
[BlackElo "2219"]
[PlyCount "78"]
[EventDate "2006.08.19"]

1. e4 c6 2. d4 d5 3. e5 Bf5 4. Nc3 a6 5. h4 h5 6. Nge2 e6 7. Ng3 Bg6 8. Be2 c5
9. dxc5 Bxc5 10. Bxh5 Ne7 11. Bg5 Qc7 12. Qe2 Nbc6 13. Bxg6 Nxg6 14. f4 Bb4 15.
h5 Nge7 16. a3 Bxc3+ 17. bxc3 Na5 18. Qe3 Rc8 19. Rh3 Qc5 20. Qxc5 Rxc5 21. Rb1
b5 22. Ne2 Nec6 23. Kf2 Rc4 24. Rbh1 Nb7 25. h6 gxh6 26. Rxh6 Rxh6 27. Rxh6 Nc5
28. Rh8+ Kd7 29. Ng3 Rxc3 30. Rf8 Rxc2+ 31. Kg1 d4 32. Rxf7+ Kc8 33. Nf1 d3 34.
Rf8+ Kb7 35. Rf7+ Kb6 36. f5 Nxe5 37. Rf6 Ng4 38. Rg6 Ne5 39. Rf6 Ng4 1/2-1/2

[Event "XXVI Festival Conca della Presolana A"]
[Site "Bratto - Castione della Presolana ITA"]
[Date "2006.08.20"]
[Round "2"]
[White "Piva, Giorgio"]
[Black "Carosso, Andrea"]
[Result "1-0"]
[WhiteElo "2129"]
[BlackElo "2050"]
[PlyCount "77"]
[EventDate "2006.08.19"]

1. d4 d5 2. Bf4 Nf6 3. e3 c5 4. c3 Qb6 5. Qb3 g6 6. dxc5 Qxc5 7. Nf3 Bg7 8.
Nbd2 O-O 9. Be2 Nc6 10. Ne5 Nh5 11. Nd3 Qa5 12. Bxh5 gxh5 13. O-O e5 14. Bg3
Bf6 15. h3 Kh8 16. e4 d4 17. Nc4 Qc7 18. Ncxe5 Nxe5 19. cxd4 Be6 20. Qd1 h4 21.
Bxe5 Bxe5 22. Nxe5 Rg8 23. Qh5 Qe7 24. Qf3 Rg7 25. Kh1 Rag8 26. Rg1 f6 27. Nd3
Rg3 28. fxg3 Rxg3 29. Qf4 Rxd3 30. Rad1 Rg3 31. Qxh4 Qg7 32. d5 Bd7 33. Rdf1
Rg5 34. Qf4 f5 35. e5 Qh6 36. e6 Bb5 37. e7 Qh5 38. Qb8+ Kg7 39. Qf8+ 1-0

[Event "XXVI Festival Conca della Presolana A"]
[Site "Bratto - Castione della Presolana ITA"]
[Date "2006.08.20"]
[Round "2"]
[White "Radice, Luca"]
[Black "Bellia, Fabrizio"]
[Result "0-1"]
[WhiteElo "2081"]
[BlackElo "2392"]
[PlyCount "136"]
[EventDate "2006.08.19"]

1. d4 Nf6 2. c4 e6 3. Nc3 Bb4 4. Qb3 c5 5. dxc5 Na6 6. Nf3 O-O 7. e3 Bxc5 8.
Be2 b6 9. O-O Bb7 10. Rd1 Be7 11. Qc2 Nc5 12. b3 Rc8 13. Bb2 a6 14. Qd2 Qc7 15.
Rac1 d6 16. Nd4 Qb8 17. Bf3 Bxf3 18. Nxf3 b5 19. cxb5 axb5 20. b4 Nce4 21. Nxe4
Nxe4 22. Qd3 d5 23. a3 Qb7 24. Rxc8 Rxc8 25. Rc1 Rxc1+ 26. Bxc1 Nd6 27. Qc2 Nc4
28. h3 e5 29. Qd1 h6 30. Kf1 Qa8 31. Qb3 Bf6 32. Kg1 e4 33. Nh2 h5 34. Nf1 Qc6
35. Qd1 Ne5 36. Bb2 Nf3+ 37. gxf3 Bxb2 38. fxe4 dxe4 39. Qxh5 Bxa3 40. Qg4 Bxb4
41. Ng3 Bf8 42. Nxe4 b4 43. Ng5 b3 44. Qf5 Qg6 45. Qb5 b2 46. Qxb2 Qxg5+ 47.
Kf1 Qf5 48. Kg2 Qe4+ 49. Kg1 Qf3 50. Qb8 Qxh3 51. Qd8 Qf3 52. Qe8 g6 53. Kf1
Kg7 54. Qe5+ Qf6 55. Qd5 Bd6 56. Ke2 Qb2+ 57. Kf1 Be7 58. Qe4 Qb4 59. Qe5+ Bf6
60. Qg3 Qe4 61. Qd6 Qf3 62. Qb4 g5 63. Ke1 g4 64. Qc5 Bh4 65. Qd4+ Kg8 66. e4
g3 67. fxg3 Bxg3+ 68. Kd2 Qf2+ 0-1